Test wiedzy o Harrym Potterze - Statystyki

Ogólne statystyki
  • Ten quiz został rozwiązany 653 razy
  • Średni wynik to 32 z 50
Statystyki odpowiedzi
Hint Odpowiedź % Poprawnych
Do jakiej szkoły uczęszczał Harry Potter? Hogwart
98%
Jak nazywało się zwierzę Harrego Hedwiga
93%
Jak na imię miała mama Harrego Lily
92%
Jak na imię miał ojciec Harrego James
91%
Księciem Półkrwi jest... Severus Snape
90%
Jak nazywa się śmierciożerca, który jest głównym antagonistą serii? Lord Voldemort
84%
Jak nazywa się dom, do którego należą Harry Potter, Hermiona Granger i Ron Weasley? Gryffindor
82%
Jakie zwierzę pojawia się jako patronus Harry'ego Pottera? Jeleń
82%
Jak nazywał się dyrektor Hogwartu Albus Dumbledore
81%
Jak nazywał się skrzat domowy rodziny Malfoyów? Zgredek
79%
Jak nazywał się ojciec chrzestny Harrego Syriusz Black
74%
Jak nazywał się najbliższy przyjaciel Harry'ego? Ron Weasley
73%
Jak nazywał się strażnik kluczy i gajowy w Hogwarcie? Rubeus Hagrid
73%
Podaj jedno z zaklęć zakazanych Avada Kedavra | Imperius | Cruciatus
70%
Podaj jedno z Insygni Śmierci Czarna Różdżka | Kamień Filozoficzny | Peleryna Niewidka
70%
Jak nazywał się duch w łazience dziewczyn w Hogwarcie? Jęcząca Marta
70%
Jak nazywa się magiczna ulica, na której znajduje się Sklep z Różdżkami Ollivandera? Ulica Pokątna
70%
Kto był właścicielem Feniksa o imieniu Fawkes? Albus Dumbledore
68%
Kto z rodziny Weasley zginął podczas Bitwy o Hogwart Fred Weasley
68%
Jakie jest imię najmłodszej z rodzeństwa Weasleyów? Ginny
68%
Kto jest autorem książek o Harrym Potterze? J.K. Rowling
68%
Podaj imię (lub drugie imię) jednego z dzieci Harrego Pottera Lily Luna Potter | James Syriusz Potter | Albus Severus Potter
68%
Kto zginął podczas turnieju w odsłonie "Harry Potter i Czara Ognia" Cedrik Diggory
66%
Kto był nauczycielem opieki nad magicznymi stworzeniami w Hogwarcie? Rubeus Hagrid
66%
Jak nazywała się magiczna mapa, którą Harry otrzymał od Freda i George'a Weasley? Mapa Huncwotów
65%
Jak nazywa się turniej w odsłonie "Harry Potter i Czara Ognia" Turniej Trójmagiczny
65%
Jakie zaklęcie jest używane do otwierania zamków? Alohomora
63%
Jakie brzmiało prawdziwe pełne imię Voldemorta? Tom Marvolo Riddle
63%
Jakie zaklęcie służy do przywoływania Patronusa? Expecto Patronum
61%
Kto był założycielem domu Slytherinu? Salazar Slytherin
61%
Jak nazwano drużynę, której celem było nauczanie praktycznych umiejętności obrony przed Czarnym Panem i jego zwolennikami Gwardia Dumbledore'a | Armia Dumbledore'a
60%
Jak nazywała się miotła, którą Harry otrzymuje od profesora McGonagall? Nimbus 2000
60%
Jak nazywał się pies, który strzegł Kamienia Filozoficznego w Hogwarcie? (w polskiej wersji językowej) Puszek
60%
Jak nazywa się gra, w którą gra się na miotłach? Quidditch
59%
Jaki stwór strzegł skarbów w banku Gringotta? Smok (Spiżobrzuch ukraiński)
59%
Który przedmiot nauczała Sybilla Trelawney? Wróżbiarstwo
59%
Kto opiekuje się złotem w Banku Gringotta? Gobliny
58%
Jak nazywał się duch Gryffindoru? Prawie Bezgłowy Nick (Sir Nicholas)
56%
Jakie stworzenie jest herbem domu Hufflepuff? Borsuk
55%
Jakie zaklęcie powoduje, że przedmioty zaczynają lewitować? Wingardium Leviosa
54%
Jak nazywa się nauczycielka transmutacji w Hogwarcie? Minerwa McGonagall
51%
Jak nazywał się twórca Kamienia Filozoficznego? Nicolas Flamel
49%
Jak nazywała się magiczna waluta używana w świecie czarodziejów? Galeon | Sykl | Knut
48%
Jak nazywała się ulica, na której mieszkał Harry Potter zanim zaczął naukę w Hogwarcie Privet Drive
47%
Jak nazywała się ropucha Nevilla Longbottoma? (w polskiej wersji językowej) Teodora
46%
Co uchroniło małego Harrego od śmierci Bezwarunkowa miłość i poświęcenie matki
40%
Jak nazywa się magiczne stworzenie, które można zobaczyć tylko przez osoby, które były świadkami śmierci? Testral
40%
Jak nazywał się smok, z którym Harry walczył podczas pierwszego zadania Turnieju Trójmagicznego? Rogogon Węgierski
31%
Jak nazywała się magiczna roślina, której sok był jednym ze składników Eliksiru Wielosokowego? Mandragora
28%
Jakie jest hasło do pokoju wspólnego Gryffindoru w pierwszej książce? Caput Draconis
19%
Nie znaleziono quizów pasujących do podanych kryteriów
Rozkład punktacji
Procent ludzi z każdym wynikiem
Percentyl według liczby udzielonych odpowiedzi
Twoja historia wyników
Nie rozwiązałeś tego quizu